7 größte Fußball Stadien im Saarland - Statistiken

Allgemein
  • Dieses Quiz wurde 60 mal gespielt
  • Das Durchschnittsergebnis liegt bei 4 aus 7
Antwortstatistiken
Kapazität Verein Stadion % Korrekt
16.003 1. FC Saarbrücken Ludwigsparkstadion
100%
10.000 SV Elversberg Ursapharm-Arena an der Kaiserlinde
84%
16.488 FC 08 Homburg Waldstadion
67%
21.600 Borussia Neunkirchen Ellenfeldstadion
60%
6800 SV Röchling Völklingen Hermann-Neuberger-Stadion
49%
12.000 Saar 05 Saarbrücken Stadion Kieselhumes
47%
9000 VfB Theley Schaumbergstadion
9%
Keine übereinstimmenden Quizze gefunden
Verteilung der Resultate
Anzahl Personen mit jedem Resultat
Perzentil nach korrekt beantworteten Fragen
Ihre Resultats-Entwicklung
Sie haben dieses Quiz noch nicht gespielt